书目信息 |
| 书名: | Landslide | |
| 作者: | Jane Mayer and Doyle McManus. | |
| 分册号: | ||
| 分册名: | 出版地: | Boston : |
|
| 出版社: | Houghton Mifflin | |
| 出版时间: | 1988. | |
| 页数: | xi, 468 p., [8] p. of plates : | |
| 开本: | 24 cm. | |
| 丛书名: | ||
| 中图分类号: | ||
| 科图分类号: | ||
| 其他分类号: | D771.2 | |
| 主题词: | ||
| 电子资源: | ||
| 000 | 00971cam a2200301 a 450 | |
| 001 | E0753341042 | |
| 005 | 20070505145017.20 | |
| 008 | 880606s1988 maucf b 001 0 eng | |
| 010 | @a88013178 | |
| 020 | @a039545185X. | |
| 035 | @A(DLC) 88013178 | |
| 040 | @aDLC@cDLC@dDLC@dOCoLC | |
| 043 | @an-us--- | |
| 050 | 00 | @aE876@b.M38 1988 |
| 082 | 00 | @a973.927/092/4@2 19 |
| 090 | @aD771.2 | |
| 099 | @dD771.2@ex77 | |
| 100 | 1 | @aMayer, Jane. |
| 245 | 10 | @aLandslide :@bthe unmaking of the President, 1984-1988 / @cJane Mayer and Doyle McManus. |
| 260 | @aBoston :@bHoughton Mifflin,@c1988. | |
| 300 | @axi, 468 p., [8] p. of plates :@bports. ;@c24 cm. | |
| 500 | @aIncludes index. | |
| 504 | @aBibliography: p. 399-438. | |
| 600 | 10 | @aReagan, Ronald. |
| 651 | 0 | @aUnited States@xPolitics and government@y1981-1989. |
| 700 | 1 | @aMcManus, Doyle. |
| 906 | @a7@bcbc@corignew@d1@eocip@f19@gy-gencatlg | |
| 991 | @bc-GenColl@hE876@i.M38 1988@tCopy 1@wBOOKS | |
| Landslide : : the unmaking of the President, 1984-1988 / / Jane Mayer and Doyle McManus.-Boston : : Houghton Mifflin, , 1988. |
| xi, 468 p., [8] p. of plates : : ports. ; ; 24 cm. |
| Includes index.-Bibliography: p. 399-438. |
| ISBN 039545185X. |
| ● |
| 相关链接 |
|
|
|
|
正题名:Landslide
索取号:D771.2/x77
 
预约/预借
| 序号 | 登录号 | 条形码 | 馆藏地/架位号 | 状态 | 备注 |
| 1 | 6879 | 300068799 | 第二样本阅览室/ [索取号:D771.2/x77] | 在馆 |